| 000 | 02606cam a22005414i 4500 | ||
|---|---|---|---|
| 003 | PE-LiUPU | ||
| 005 | 20250731180141.0 | ||
| 008 | 150706s r 000 0 d | ||
| 020 | _a9788429144123 | ||
| 035 | _a(Sirsi) i9788429144123 | ||
| 040 |
_aPE-LiUPU _bspa _cPE-LiUPU _erda |
||
| 049 | _aPRUA | ||
| 082 | 0 | 4 |
_a530 _bT58 _221 |
| 100 | 1 |
_aTipler, Paul Allen, _d1933- , _eautor. |
|
| 245 | 1 | 0 |
_aFísica : _bpara la ciencia y la tecnología / _cPaul A. Tipler, Gene Mosca ; [versión española por Albert Bramón Planas . et al.]. |
| 264 | 1 |
_aBarcelona : _bREVERTÉ, _c2008. |
|
| 300 |
_a1260 páginas : _bilustraciones ; _c28 centímetros |
||
| 336 |
_atext _2rdacontent |
||
| 337 |
_aunmediated _2rdamedia |
||
| 338 |
_avolume _2rdacarrier |
||
| 500 | _a"Electricidad y magnetismo. Luz. Física moderna" -- en cubierta. | ||
| 505 | 0 | _aElectricidad y magnetismo -- Campo eléctrico I: Distribuciones discretas de carga -- Campo eléctrico II: Distribuciones continuas de carga -- Potencial eléctrico -- Energía electrostática y capacidad -- Corriente eléctrica y circuito de corriente continua -- El campo magnético -- Fuentes del campo magnético -- Circuito de corriente alterna -- ecuaciones de Mawell y ondas electromagnéticas -- Luz -Propiedades de la luz -- Imágenes ópticas -- Interferencias y difracción -- Física moderna: mecánica cuántica, relatividad -- estructura de la materia -- Dualidad onda-partícula y física cuántica -- Aplicaciones de la ecuación de Schodinger -- Átomos -- Moléculas -- Sólidos -- Relatividad -- Física nuclear -- Las partículas elementales y el origen del universo. . | |
| 526 | _aSEG44 | ||
| 526 | _aSEG26 | ||
| 526 | _aP159 | ||
| 526 | _aP155 | ||
| 526 | _aP154 | ||
| 526 | _aP153 | ||
| 526 | _aP150 | ||
| 526 | _aP100 | ||
| 526 | _aP31 | ||
| 526 | _aP30 | ||
| 526 | _aP26 | ||
| 526 | _aP25 | ||
| 526 | _aP24 | ||
| 526 | _aP22 | ||
| 526 | _aP15 | ||
| 526 | _aP10 | ||
| 541 | _g0054-0000884; | ||
| 650 | 0 | 4 | _aFísica. |
| 700 | 1 |
_aMosca, Gene, _eautor. |
|
| 910 |
_agl _bjv _cng _d20091014 |
||
| 942 |
_2ddc _cBOOK |
||
| 949 |
_a530 T58 2 _wDEWEY _c1 _i60594 _d2016-11-30 _e2016-11-29 _lCCODEBUL1 _mBUL _n1 _p46.00 _r0 _sY _tBOOK _u2015-7-6 _xINGENIERIA _PP27 _0COMPRA _o.STAFF. Colección General |
||
| 994 |
_aC0 _bPEPRU |
||
| 596 | _a1 | ||
| 999 |
_a530 T58 2 _wDEWEY _c50067 _i60594 _d50067 _e2016-11-29 _f2021-11-9 _g7 _lCCODEBUL1 _mBUL _n1 _p46.00 _q1 _r0 _sY _tBOOK _u2015-7-6 _xINGENIERIA _PP27 _0COMPRA _o.STAFF. Colección General |
||
| 980 |
_81 _gALBERTO SANCHEZ Responsable de Automatización |
||